<?xml version="1.0" encoding="UTF-8"?><record xmlns="http://www.loc.gov/MARC21/slim" xmlns:zs="http://docs.oasis-open.org/ns/search-ws/sruResponse">
  <leader>01558cim a22003857a 4500</leader>
  <controlfield tag="001">12024030</controlfield>
  <controlfield tag="005">20250606182131.6</controlfield>
  <controlfield tag="007">sd|dmsdnnmuhna</controlfield>
  <controlfield tag="007">cr|lunjlcmnnue</controlfield>
  <controlfield tag="008">980619s1919    njunnn   ||||||l  0 eng  </controlfield>
  <datafield ind1=" " ind2=" " tag="035">
    <subfield code="a">12024030</subfield>
  </datafield>
  <datafield ind1=" " ind2=" " tag="906">
    <subfield code="a">0</subfield>
    <subfield code="b">cbc</subfield>
    <subfield code="c">orignew</subfield>
    <subfield code="d">u</subfield>
    <subfield code="e">ncip</subfield>
    <subfield code="f">20</subfield>
    <subfield code="g">y-soundrec</subfield>
  </datafield>
  <datafield ind1=" " ind2=" " tag="955">
    <subfield code="u">qm03 2025-03-07</subfield>
  </datafield>
  <datafield ind1=" " ind2=" " tag="955">
    <subfield code="a">LCAP batch update 2025-06-01-04:00: LCAPM-1017</subfield>
  </datafield>
  <datafield ind1=" " ind2=" " tag="010">
    <subfield code="a">   00694069 </subfield>
  </datafield>
  <datafield ind1="0" ind2="0" tag="028">
    <subfield code="a">50509-R</subfield>
    <subfield code="b">Edison Diamond Disc</subfield>
  </datafield>
  <datafield ind1=" " ind2=" " tag="035">
    <subfield code="a">edd98000043</subfield>
  </datafield>
  <datafield ind1=" " ind2=" " tag="040">
    <subfield code="a">DLC</subfield>
    <subfield code="c">DLC</subfield>
  </datafield>
  <datafield ind1="0" ind2="0" tag="050">
    <subfield code="a">Edison Diamond Disc 50509[-R]</subfield>
  </datafield>
  <datafield ind1="1" ind2=" " tag="100">
    <subfield code="a">Edison, Thomas A.</subfield>
    <subfield code="q">(Thomas Alva),</subfield>
    <subfield code="d">1847-1931.</subfield>
  </datafield>
  <datafield ind1="1" ind2="0" tag="245">
    <subfield code="a">Let us not forget--a message to the American people</subfield>
    <subfield code="h">[sound recording] /</subfield>
    <subfield code="c">by Thomas A. Edison.</subfield>
  </datafield>
  <datafield ind1=" " ind2=" " tag="260">
    <subfield code="a">Orange, N.J. :</subfield>
    <subfield code="b">Edison,</subfield>
    <subfield code="c">1919.</subfield>
  </datafield>
  <datafield ind1=" " ind2=" " tag="300">
    <subfield code="a">1 sound disc :</subfield>
    <subfield code="b">analog, 80 rpm ;</subfield>
    <subfield code="c">10 in.</subfield>
  </datafield>
  <datafield ind1=" " ind2=" " tag="336">
    <subfield code="a">spoken word</subfield>
    <subfield code="b">spw</subfield>
    <subfield code="2">rdacontent</subfield>
  </datafield>
  <datafield ind1=" " ind2=" " tag="337">
    <subfield code="a">audio</subfield>
    <subfield code="b">s</subfield>
    <subfield code="2">rdamedia</subfield>
  </datafield>
  <datafield ind1=" " ind2=" " tag="338">
    <subfield code="a">audio disc</subfield>
    <subfield code="b">sd</subfield>
    <subfield code="2">rdacarrier</subfield>
  </datafield>
  <datafield ind1=" " ind2=" " tag="500">
    <subfield code="a">Cutout date: 10/31/1929.</subfield>
  </datafield>
  <datafield ind1=" " ind2=" " tag="501">
    <subfield code="a">With (reverse side): National airs of the Allies / New York Military Band.</subfield>
    <subfield code="5">DLC</subfield>
  </datafield>
  <datafield ind1=" " ind2=" " tag="518">
    <subfield code="a">Coupling date: 1/7/1919.</subfield>
  </datafield>
  <datafield ind1=" " ind2="0" tag="650">
    <subfield code="a">World War, 1914-1918.</subfield>
  </datafield>
  <datafield ind1=" " ind2="0" tag="650">
    <subfield code="a">Alliances.</subfield>
  </datafield>
  <datafield ind1=" " ind2=" " tag="852">
    <subfield code="a">Library of Congress</subfield>
    <subfield code="b">Motion Picture, Broadcasting and Recorded Sound Division</subfield>
    <subfield code="e">Washington, D.C. 20540 USA</subfield>
    <subfield code="n">dcu</subfield>
  </datafield>
  <datafield ind1="4" ind2="1" tag="856">
    <subfield code="3">Let us not forget--a message to the American people (Edison 50509-R)</subfield>
    <subfield code="d">mbrsrsdig</subfield>
    <subfield code="f">edrs-50509r</subfield>
    <subfield code="u">https://hdl.loc.gov/loc.mbrsrs/mbrsrsdig.edrs-50509r</subfield>
  </datafield>
  <datafield ind1=" " ind2=" " tag="985">
    <subfield code="a">rs/edison</subfield>
    <subfield code="e">ammem</subfield>
  </datafield>
  <datafield ind1=" " ind2=" " tag="991">
    <subfield code="b">c-MP&amp;TV</subfield>
    <subfield code="h">Edison Diamond Disc 50509[-R]</subfield>
    <subfield code="o">im</subfield>
  </datafield>
</record>
